ONLINE PUBLIC ACCESS CATALOGUE

THE NATIONAL UNIVERSITY OF ADVANCED LEGAL STUDIES

Constitutional law of the federal sysytem (Record no. 14049)

MARC details
000 -LEADER
fixed length control field 00239nam a2200097 4500
082 ## - DEWEY DECIMAL CLASSIFICATION NUMBER
Classification number 342
Item number PRI/C
100 ## - MAIN ENTRY--AUTHOR NAME
Personal name Pritchett, C Herman
245 ## - TITLE STATEMENT
Title Constitutional law of the federal sysytem
260 ## - PUBLICATION, DISTRIBUTION, ETC. (IMPRINT)
Place of publication New Jersey:
Name of publisher Prentice hall,
942 ## - ADDED ENTRY ELEMENTS (KOHA)
Koha item type Books
Holdings
Withdrawn status Lost status Damaged status Not for loan Permanent Location Current Location Shelving location Date acquired Full call number Accession Number Price effective from Koha item type
        The National University of Advanced Legal Studies The National University of Advanced Legal Studies Reference 23/03/2026 342 PRI/C DB575 23/03/2026 Books